00697 a2200193 4500999001500000010001400015020002400029035001300053037001500066082001100081245007800092260004000170270006000210300002700270490004700297700001500344942003000359952011400389 c5003d5003 aENG-86612 a817371567Xc1000.00 aEN-70145 bDBAD / PUB14a620.111 aFrontiers in the design of materials /cedited by Baldev Raj ... [et al.] aHyderabadbUniversities Pressc2007 a3-5-819, Hyderguda,bHyderabade500 029cAndhra Pradesh axviii, 374pc25cm (Hb) aSeries in metallurgy and materials science aBaldev Raj adplcEN2ddch620.11mFRO 001040718NFICaDBADbDBADeDBAD/PUBg1000.00l0o620.11 FROpEN-70145r2008-09-15 00:00:00t1v1000.00yEN